| 000 | 00897cam a2200253 a 4500 | ||
|---|---|---|---|
| 001 | vtls003245310 | ||
| 003 | MY-SjTCS | ||
| 005 | 20200226115621.0 | ||
| 008 | 130103s2011 nyua 001 0 eng d | ||
| 020 | _a9780071666664 (hbk.) | ||
| 020 | _a0071666664 (hbk.) | ||
| 039 | 9 |
_a201301031311 _bshuhada _c201301031310 _dshuhada _c201301031308 _dshuhada _c201301021948 _dshuhada _y201211191731 _zwilmina |
|
| 082 | 0 | 4 |
_a624.1821 _bSTR 2011 |
| 245 | 0 | 0 |
_aStructural steel designer's handbook / _cRoger L. Brockenbrough, editor ; Frederick S. Merritt, editor. |
| 250 | _a5th ed. | ||
| 260 |
_aNew York : _bMcGraw Hill, _cc2011. |
||
| 300 |
_a1 v. (various pagings) : _bill. ; _c25 cm. |
||
| 500 | _aIncludes index. | ||
| 650 | 0 | _aBuilding, Iron and steel. | |
| 650 | 0 | _aSteel, Structural. | |
| 700 | 1 |
_aBrockenbrough, R. L. _965869 |
|
| 700 | 1 |
_aMerritt, Frederick S. _96049 |
|
| 920 | _aENG : 189924 | ||
| 999 | _c150901 | ||